| 000 | 00566nam a2200181Ia 4500 | ||
|---|---|---|---|
| 003 | OSt | ||
| 005 | 20240420101038.0 | ||
| 008 | 210210b1950 xxu||||| |||| 00| 0 eng d | ||
| 040 | _cAL | ||
| 041 | _aKannada | ||
| 082 | _a853/349 | ||
| 100 |
_aRAJA RATNAM (G P) _dಜಿಪಿ ರಾಜರತ್ನಂ. _9157223 |
||
| 245 |
_aKambli seve mattu narakada nyaya _bಕಂಬ್ಳಿ ಸೇವೆ ಮತ್ತು ನರಕದ ನ್ಯಾಯ |
||
| 260 |
_aBengaluru _bHind Kitabs Ltd., _c1950 |
||
| 690 |
_aKannada Drama _9157229 |
||
| 906 | _a019625 | ||
| 942 |
_2ddc _cBK |
||
| 999 |
_c143759 _d143759 |
||